00645cam a22001814a 4500020002800000082001700028100002200045245004900067260004000116300002700156650002300183650002300206650002600229650002600255856006200281856005400343856006600397 a0072395451 (alk. paper)00a658.4012 BEA1 aBeamish, Paul W.,10aAsia-Pacific cases in strategic management / aBoston :bIrwin/McGraw-Hill,c2000. axxiv, 408 p. :bill. ; 0aStrategic planning 0aStrategic planning 0aIndustrial management 0aIndustrial management42uhttp://www.loc.gov/catdir/description/mh023/99056029.html41uhttp://www.loc.gov/catdir/toc/mh023/99056029.html42uhttp://www.loc.gov/catdir/enhancements/fy0737/99056029-b.html